000 00385nam a2200145Ia 4500
005 20250325041723.0
008 240331s9999 xx 000 0 und d
082 _bMUT
_a894
100 _aMuthiah, K
245 0 _aIllakiyangal kurum thaththuvap poraddangal
260 _aShivagangai
_bAnam (Pvt) Ltd
_c1991
300 _a208 p .,
500 _aThamil ilakkiaym patriya nool
942 _cL
999 _c3824
_d3824